Culture Générale - Série 1921 - Statistiques

Statistiques générales
  • Ce quiz a été pris 113 fois
  • Le résultat moyen est 4 sur 10
Statistiques - réponses
Question Réponse % Correct
Dispositif mécanique qui permet de s'opposer au passage d'un fluide dans un conduit.Familièrement, pour dire "tais-toi", on dit : "ferme ton ... clapet
83%
Sous quel nom connait-on mieux la chanteuse Anne Peichert ? voir photo Louane
73%
Quelle espèce d'animal est le "sar" ? poisson
69%
Dans quelle ville est né Paul Valéry (1871-1945) ? Sète
33%
Dans la mythologie grecque et romaine, quel animal, associé respectivement aux déesses Athéna et Minerve, symbolise la sagesse ? chouette
32%
Dans quel pays européen traversé par le Danube se trouve la ville de Pleven ? Bulgarie
30%
Dans la mythologie romaine, comment s'appelle la déesse des moissons ? Cérès
23%
Ce nom signifiant "fanfaron,faux brave, vantard" est porté par un personnage de la commedia dell'arte matamore
11%
Quel animal, dont la "ciboulette" porte le même nom, était appelé "chat musqué" ? civette
9%
Quel anglicisme signifie court-circuit en électricité et pontage en médecine ? shunt
6%
Aucun quiz correspondant
Distribution des résultats
% des personnes avec chaque résultat
Percentile par nombre de réponses
Votre historique - résultats
Vous n’avez pas pris ce quiz